书目信息 |
| 题名: |
大气污染控制工程
|
|
| 作者: | 王家德 , 成卓韦 , 陈景欢 编著 | |
| 分册: | ||
| 出版信息: | 北京 化学工业出版社 2024.08 |
|
| 页数: | 307页 | |
| 开本: | 26cm | |
| 丛书名: | 环境工程系列教材 | |
| 单 册: | ||
| 中图分类: | X510.6 | |
| 科图分类: | ||
| 主题词: | 空气污染控制--kong qi wu ran kong zhi--高等学校--教材 | |
| 电子资源: | ||
| ISBN: | 978-7-122-46016-5 | |
| 000 | 01656nam 2200313 450 | |
| 001 | 95413 | |
| 005 | 20250902105457.68 | |
| 010 | @a978-7-122-46016-5@dCNY68.00 | |
| 100 | @a20240919d2024 em y0chiy50 ea | |
| 101 | 0 | @achi |
| 102 | @aCN@b110000 | |
| 105 | @aak a 000yy | |
| 106 | @ar | |
| 200 | 1 | @a大气污染控制工程@Ada qi wu ran kong zhi gong cheng@f王家德, 成卓韦, 陈景欢编著 |
| 205 | @a第2版 | |
| 210 | @a北京@c化学工业出版社@d2024.08 | |
| 215 | @a307页@c图@d26cm | |
| 225 | 2 | @a环境工程系列教材@Ahuan jing gong cheng xi lie jiao cai |
| 320 | @a有书目 (第307页) | |
| 330 | @a本书结合我国大气环境保护工作新要求, 以及大气污染控制领域推出的新技术和新标准, 介绍了大气污染控制工程的经典理论和基本知识, 以及当前环保政策、法律法规和标准。与现有同类教材相比, 本教材充实了VOCs污染控制内容, 增加了大气污染控制工程设计、H2S排放与控制、移动源废气污染控制、室内空气质量与控制等章节。教材由16章组成, 包括概论、大气污染控制工程设计、颗粒污染物控制技术基础、机械力除尘器、电除尘器、过滤式除尘器、湿式除尘器、气态化合物控制技术基础、VOCs污染控制技术、含硫气态污染物控制、氮氧化物污染控制、移动源废气污染控制、气体收集输送系统的设计、污染物扩散和排气筒设计、室内空气质量与控制。每章附有例题和课后习题, 方便读者使用。 | |
| 333 | @a普通高等教育一流本科专业建设成果教材 浙江省普通本科高校“十四五”重点立项建设教材 | |
| 410 | 0 | @12001 @a环境工程系列教材 |
| 606 | 0 | @a空气污染控制@Akong qi wu ran kong zhi@x高等学校@j教材 |
| 690 | @aX510.6@v5 | |
| 701 | 0 | @a王家德@Awang jia de@4编著 |
| 701 | 0 | @a成卓韦@Acheng zhuo wei@4编著 |
| 701 | 0 | @a陈景欢@Achen jing huan@4编著 |
| 801 | 0 | @aCN@c20250909 |
| 905 | @a河南城建学院图书馆@dX510.6@eW220=2@f1 | |
| 大气污染控制工程/王家德, 成卓韦, 陈景欢编著.-第2版.-北京:化学工业出版社,2024.08 |
| 307页:图;26cm.-(环境工程系列教材) |
| 使用对象:普通高等教育一流本科专业建设成果教材 浙江省普通本科高校“十四五”重点立项建设教材 |
| ISBN 978-7-122-46016-5:CNY68.00 |
| 本书结合我国大气环境保护工作新要求, 以及大气污染控制领域推出的新技术和新标准, 介绍了大气污染控制工程的经典理论和基本知识, 以及当前环保政策、法律法规和标准。与现有同类教材相比, 本教材充实了VOCs污染控制内容, 增加了大气污染控制工程设计、H2S排放与控制、移动源废气污染控制、室内空气质量与控制等章节。教材由16章组成, 包括概论、大气污染控制工程设计、颗粒污染物控制技术基础、机械力除尘器、电除尘器、过滤式除尘器、湿式除尘器、气态化合物控制技术基础、VOCs污染控制技术、含硫气态污染物控制、氮氧化物污染控制、移动源废气污染控制、气体收集输送系统的设计、污染物扩散和排气筒设计、室内空气质量与控制。每章附有例题和课后习题, 方便读者使用。 |
| ● |
| 相关链接 |
|
|
|
正题名:大气污染控制工程
索取号:X510.6/W220=2
 
预约/预借
| 序号 | 登录号 | 条形码 | 馆藏地/架位号 | 状态 | 备注 |
| 1 | 1629471 | 216294711 | 自科库501/501自科库 99排1列4层/ [索取号:X510.6/W220=2] | 在馆 |